|
|
|
|
| LEADER |
02684nam a2200481 i 4500 |
| 001 |
44355 |
| 003 |
BD-DhAAL |
| 005 |
20251019123511.0 |
| 008 |
250423t2024 bg b 001 0 eng d |
| 010 |
|
|
|a 2024357557
|
| 020 |
|
|
|a 9789845064200
|
| 020 |
|
|
|a 9845064205
|
| 025 |
|
|
|a B-E-2024357557; 26
|
| 037 |
|
|
|b Library of Congress -- New Delhi Overseas Office
|
| 040 |
|
|
|a DLC
|b eng
|e rda
|c DLC
|d DLC
|d BD-DhAAL
|
| 042 |
|
|
|a lcode
|a pcc
|
| 043 |
|
|
|a a-bg---
|
| 050 |
0 |
0 |
|a R644.B3
|b A14 2024
|
| 082 |
|
|
|a 362.1095492
|2 23
|
| 245 |
0 |
0 |
|a 50 years of Bangladesh :
|b advances in health /
|c edited by Ahmed Mushtaque Raza Chowdhury, Yasmin Ahmed, Khairul Islam, Shishir Moral.
|
| 246 |
3 |
|
|a Fifty years of Bangladesh
|
| 246 |
3 |
0 |
|a Advances in health
|
| 250 |
|
|
|a Second edition.
|
| 260 |
|
|
|a Dhaka :
|b The University Press Limited,
|c February 2024.
|
| 300 |
|
|
|a xx, 462 pages :
|b illustrations ;
|c 24 cm
|
| 500 |
|
|
|a "In association with BRAC School of Public Helath, Bangladesh Health Watch, Sweden Sverige."
|
| 504 |
|
|
|a Includes bibliographical references (pages [371]-414) and index.
|
| 541 |
|
|
|a Complimentary copy from Dr. Ahmed Mushtaque Raza Chowdhury (Former Vice Chairperson of BRAC)
|e 44355, 44356
|
| 650 |
|
0 |
|a Public health
|z Bangladesh
|x History.
|9 58108
|
| 650 |
|
0 |
|a Health facilities
|z Bangladesh
|x History.
|9 58123
|
| 650 |
|
0 |
|a Medicine
|z Bangladesh
|x History.
|9 58107
|
| 650 |
|
0 |
|a Medicine
|x History.
|9 58109
|
| 700 |
1 |
|
|a Chowdhury, A. M. Raza.
|e editor.
|
| 700 |
1 |
|
|a Ahmed, Yasmin H.,
|e editor.
|9 58110
|
| 700 |
1 |
|
|a Islam, Khairul,
|e editor.
|9 54470
|
| 700 |
1 |
|
|a Moral, Shishir,
|e editor.
|
| 710 |
2 |
|
|a James P. Grant School of Public Health (BRAC University),
|e associated name.
|9 58111
|
| 710 |
2 |
|
|a Bangladesh Health Watch,
|e associated name.
|9 58112
|
| 852 |
|
|
|a Ayesha Abed Library
|c Ahmed Mushtaque Raza Chowdhury Collection
|
| 942 |
|
|
|2 ddc
|c BK
|
| 999 |
|
|
|c 47281
|d 47281
|
| 952 |
|
|
|0 0
|1 0
|2 ddc
|4 0
|6 362_109549200000000_FIF
|7 1
|9 77626
|a BRACUL
|b BRACUL
|c AMRC
|d 2025-04-23
|e Complimentary copy from Dr. Ahmed Mushtaque Raza Chowdhury (Former Vice Chairperson of BRAC)
|g 1550.00
|l 0
|o 362.1095492 FIF
|p 3010044355
|r 2025-04-23
|t 1
|w 2025-04-23
|y BK
|x Complimentary copy received from Dr. Ahmed Mushtaque Raza Chowdhury (Former Vice Chairperson of BRAC) on 17 April 2025.
|
| 952 |
|
|
|0 0
|1 0
|2 ddc
|4 0
|6 362_109549200000000_FIF
|7 1
|9 77627
|a BRACUL
|b BRACUL
|c AMRC
|d 2025-04-23
|e Complimentary copy from Dr. Ahmed Mushtaque Raza Chowdhury (Former Vice Chairperson of BRAC)
|g 1550.00
|l 1
|o 362.1095492 FIF
|p 3010044356
|r 2025-10-07
|s 2025-09-17
|t 2
|w 2025-04-23
|y BK
|x Complimentary copy received from Dr. Ahmed Mushtaque Raza Chowdhury (Former Vice Chairperson of BRAC) on 17 April 2025.
|